[Event "RUS-ch Men Blitz 2019"]
[Site "Sochi"]
[Date "2019.10.17"]
[Round "4.2"]
[White "Gutenev, Alexander"]
[Black "Rublevsky, Sergei"]
[Result "1/2-1/2"]
[WhiteElo "2469"]
[BlackElo "2651"]
[Annotator "RC"]
[PlyCount "85"]
[EventDate "2019.10.17"]
[EventType "swiss"]
[EventCountry "RUS"]
[SourceTitle "playchess.com"]
[Source "ChessBase"]
[SourceQuality "1"]
[TimeControl "180+2"]

1. e4 {[%emt 0:00:00]} c5 {[%emt 0:00:00]} 2. Nf3 {[%emt 0:00:03]} e6 {[%emt 0:00:00]} 3. d4 {[%emt 0:00:01]} cxd4 {[%emt 0:00:01]} 4. Nxd4 {[%emt 0:00:01]} a6 {[%emt 0:00:01]} 5. Nc3 {[%emt 0:00:01]} Qc7 {[%emt 0:00:02]} 6. Be2 {[%emt 0:00:01]} Nf6 {[%emt 0:00:02]} 7. O-O {[%emt 0:00:02]} Be7 {[%emt 0:00:02]} 8. f4 {[%emt 0:00:04]} d6 {[%emt 0:00:02]} 9. Qe1 {[%emt 0:00:04]} O-O {[%emt 0:00:06]} 10. Qg3 {[%emt 0:00:19]} b5 {[%emt 0:00:03]} 11. Bf3 {[%emt 0:00:13]} Bb7 {[%emt 0:00:03]} 12. e5 {[%emt 0:00:03]} Ne8 {[%emt 0:00:02]} 13. Ne4 {[%emt 0:00:11]} Nd7 {[%emt 0:00:08]} 14. Ng5 {[%emt 0:00:31]} Bxg5 {[%emt 0:00:27]} 15. Qxg5 {[%emt 0:00:06]} Bxf3 {[%emt 0:00:03]} 16. Nxf3 {[%emt 0:00:04]} Qxc2 {[%emt 0:00:28]} 17. Be3 {[%emt 0:00:25]} dxe5 {[%emt 0:00:05]} 18. fxe5 {[%emt 0:00:02]} Qxb2 {[%emt 0:00:34]} 19. Rad1 {[%emt 0:00:11]} f6 {[%emt 0:00:29]} 20. Qg4 {[%emt 0:00:01]} Nxe5 {[%emt 0:00:19]} 21. Qxe6+ {[%emt 0:00:02]} Rf7 {[%emt 0:00:02]} 22. Nd4 {[%emt 0:01:12]} Nc7 {[%emt 0:00:04]} 23. Qh3 {[%emt 0:00:05]} Nd5 {[%emt 0:00:05]} 24. Nf5 {[%emt 0:00:02]} Nxe3 {[%emt 0:00:04]} 25. Qxe3 {[%emt 0:00:00]} Qxa2 {[%emt 0:00:05]} 26. Nd6 {[%emt 0:00:02]} Rd7 {[%emt 0:00:02]} 27. Ne4 {[%emt 0:00:02]} Rxd1 {[%emt 0:00:03]} 28. Rxd1 {[%emt 0:00:01]} Qe6 {[%emt 0:00:07]} 29. Nc5 {[%emt 0:00:02]} Qe7 {[%emt 0:00:01]} 30. h3 {[%emt 0:00:01]} Re8 {[%emt 0:00:02]} 31. Nxa6 {[%emt 0:00:04]} Qf7 {[%emt 0:00:09]} 32. Rb1 {[%emt 0:00:02]} Nc4 {[%emt 0:00:02]} 33. Qc5 {[%emt 0:00:01]} Nd2 {[%emt 0:00:12]} 34. Rd1 {[%emt 0:00:05]} Qc4 {[%emt 0:00:03]} 35. Rxd2 {[%emt 0:00:02]} Re1+ {[%emt 0:00:04]} 36. Kf2 {[%emt 0:00:02]} Rf1+ {[%emt 0:00:01]} 37. Ke3 {[%emt 0:00:02]} Re1+ {[%emt 0:00:04]} 38. Kf2 {[%emt 0:00:01]} Rf1+ {[%emt 0:00:04]} 39. Ke3 {[%emt 0:00:00]} Re1+ {[%emt 0:00:04]} 40. Kf2 {[%emt 0:00:02]} Rf1+ 41. Ke3 Re1+ 42. Kf3 Rf1+ 43. Rf2 1/2-1/2

[Event "RUS-ch Men Blitz 2019"]
[Site "Sochi"]
[Date "2019.10.17"]
[Round "4.3"]
[White "Ponkratov, Pavel"]
[Black "Papin, Vasily"]
[Result "1-0"]
[WhiteElo "2621"]
[BlackElo "2481"]
[Annotator "RC"]
[PlyCount "67"]
[EventDate "2019.10.17"]
[EventType "swiss"]
[EventCountry "RUS"]
[SourceTitle "playchess.com"]
[Source "ChessBase"]
[SourceQuality "1"]
[TimeControl "180+2"]

1. c4 {[%emt 0:00:00]} c5 {[%emt 0:00:00]} 2. g3 {[%emt 0:00:02]} g6 {[%emt 0:00:01]} 3. Bg2 {[%emt 0:00:01]} Bg7 {[%emt 0:00:01]} 4. Nc3 {[%emt 0:00:01]} Nc6 {[%emt 0:00:01]} 5. Nf3 {[%emt 0:00:03]} d6 {[%emt 0:00:02]} 6. O-O {[%emt 0:00:03]} e6 {[%emt 0:00:04]} 7. Rb1 {[%emt 0:00:06]} Qd7 {[%emt 0:00:32]} 8. e3 {[%emt 0:00:05]} Nge7 {[%emt 0:00:35]} 9. d4 {[%emt 0:00:01]} cxd4 {[%emt 0:00:03]} 10. exd4 {[%emt 0:00:01]} d5 {[%emt 0:00:01]} 11. c5 {[%emt 0:00:08]} b6 {[%emt 0:00:04]} 12. Na4 {[%emt 0:00:09]} b5 {[%emt 0:00:29]} 13. Nc3 {[%emt 0:00:01]} b4 {[%emt 0:00:00]} 14. Ne2 {[%emt 0:00:10]} Ba6 {[%emt 0:00:07]} 15. Re1 {[%emt 0:00:01]} O-O {[%emt 0:00:03]} 16. b3 {[%emt 0:00:11]} Bb5 {[%emt 0:00:09]} 17. Nf4 {[%emt 0:00:12]} a5 {[%emt 0:00:15]} 18. h4 {[%emt 0:00:01]} a4 {[%emt 0:00:10]} 19. Bh3 {[%emt 0:00:08]} Nf5 {[%emt 0:00:10]} 20. Bb2 {[%emt 0:00:03]} axb3 {[%emt 0:00:02]} 21. axb3 {[%emt 0:00:01]} Ra2 {[%emt 0:00:02]} 22. Bxf5 {[%emt 0:00:19]} exf5 {[%emt 0:00:04]} 23. Ne5 {[%emt 0:00:00]} Qd8 {[%emt 0:00:12]} 24. Qf3 {[%emt 0:00:12]} Rxb2 {[%emt 0:00:07]} 25. Rxb2 {[%emt 0:00:02]} Nxd4 {[%emt 0:00:01]} 26. Qd1 {[%emt 0:00:02]} Ne6 {[%emt 0:00:14]} 27. Qxd5 {[%emt 0:00:18]} Qxd5 {[%emt 0:00:04]} 28. Nxd5 {[%emt 0:00:01]} Nxc5 {[%emt 0:00:02]} 29. Ra2 {[%emt 0:00:12]} Nxb3 {[%emt 0:00:05]} 30. Ne7+ {[%emt 0:00:09]} Kh8 {[%emt 0:00:03]} 31. Ra8 {[%emt 0:00:02]} h5 {[%emt 0:00:10]} 32. Nxf7+ {[%emt 0:00:07]} Kh7 {[%emt 0:00:00]} 33. Ng5+ {[%emt 0:00:01]} Kh6 {[%emt 0:00:02]} 34. Re6 {[%emt 0:00:07]} 1-0

[Event "RUS-ch Men Blitz 2019"]
[Site "Sochi"]
[Date "2019.10.20"]
[Round "4.4"]
[White "Bocharov, Dmitry"]
[Black "Popov, Ivan"]
[Result "1/2-1/2"]
[WhiteElo "2519"]
[BlackElo "2611"]
[Annotator "ChessBase"]
[PlyCount "44"]
[EventDate "2019.10.17"]
[EventType "swiss"]
[EventCountry "RUS"]
[SourceTitle "playchess.com"]
[Source "ChessBase"]
[SourceQuality "1"]
[TimeControl "180+2"]

1. Nf3 {[%emt 0:00:00]} d5 {[%emt 0:00:00]} 2. g3 {[%emt 0:00:01]} c6 {[%emt 0:00:00]} 3. Bg2 {[%emt 0:00:01]} Bg4 {[%emt 0:00:01]} 4. c4 {[%emt 0:00:07]} e6 {[%emt 0:00:12]} 5. O-O {[%emt 0:00:03]} Nd7 {[%emt 0:00:09]} 6. cxd5 {[%emt 0:00:02]} exd5 {[%emt 0:00:07]} 7. d3 {[%emt 0:00:01]} Ngf6 {[%emt 0:00:03]} 8. Nc3 {[%emt 0:00:04]} Bc5 {[%emt 0:00:07]} 9. a3 {[%emt 0:00:08]} a5 {[%emt 0:00:05]} 10. Qb3 {[%emt 0:00:09]} Qb6 {[%emt 0:00:42]} 11. Qc2 {[%emt 0:00:01]} Qa6 {[%emt 0:00:11]} 12. h3 {[%emt 0:00:10]} Bxf3 {[%emt 0:00:08]} 13. Bxf3 {[%emt 0:00:02]} O-O {[%emt 0:00:02]} 14. e4 {[%emt 0:00:03]} dxe4 {[%emt 0:00:19]} 15. dxe4 {[%emt 0:00:02]} Rfe8 {[%emt 0:00:03]} 16. Kg2 {[%emt 0:00:30]} Bd4 {[%emt 0:00:22]} 17. Rd1 {[%emt 0:00:18]} Qa7 {[%emt 0:00:02]} 18. Kf1 {[%emt 0:00:58]} Ne5 {[%emt 0:00:03]} 19. Bg2 {[%emt 0:00:01]} Rad8 {[%emt 0:00:07]} 20. Bg5 {[%emt 0:00:04]} Ng6 {[%emt 0:00:17]} 21. Rd2 {[%emt 0:00:24]} h6 {[%emt 0:00:01]} 22. Bxf6 {[%emt 0:00:02]} Bxf6 {[%emt 0:00:01]} 1/2-1/2

[Event "RUS-ch Men Blitz 2019"]
[Site "Sochi"]
[Date "2019.10.17"]
[Round "4.4"]
[White "Vastrukhin, Oleg"]
[Black "Yudin, Sergei"]
[Result "1-0"]
[WhiteElo "2428"]
[BlackElo "2497"]
[Annotator "ChessBase"]
[PlyCount "45"]
[EventDate "2019.10.17"]
[EventType "swiss"]
[EventCountry "RUS"]
[SourceTitle "playchess.com"]
[Source "ChessBase"]
[SourceQuality "1"]
[TimeControl "180+2"]

1. Nf3 {[%emt 0:00:00]} e6 {[%emt 0:00:00]} 2. g3 {[%emt 0:00:00]} b5 {[%emt 0:00:00]} 3. Bg2 {[%emt 0:00:01]} Bb7 {[%emt 0:00:01]} 4. O-O {[%emt 0:00:02]} c5 {[%emt 0:00:01]} 5. d3 {[%emt 0:00:01]} Nf6 {[%emt 0:00:02]} 6. e4 {[%emt 0:00:02]} d6 {[%emt 0:00:01]} 7. a4 {[%emt 0:00:05]} b4 {[%emt 0:00:02]} 8. Nbd2 {[%emt 0:00:02]} Nc6 {[%emt 0:00:05]} 9. Nc4 {[%emt 0:00:02]} Qc7 {[%emt 0:00:15]} 10. Re1 {[%emt 0:00:01]} Be7 {[%emt 0:00:04]} 11. e5 {[%emt 0:00:07]} dxe5 {[%emt 0:00:02]} 12. Nfxe5 {[%emt 0:00:01]} Nxe5 {[%emt 0:00:02]} 13. Nxe5 {[%emt 0:00:04]} O-O {[%emt 0:00:10]} 14. Nc4 {[%emt 0:00:17]} Bd5 {[%emt 0:00:05]} 15. Bf4 {[%emt 0:00:07]} Qb7 {[%emt 0:00:01]} 16. Bxd5 {[%emt 0:00:08]} Qxd5 {[%emt 0:00:09]} 17. Be5 {[%emt 0:00:12]} Nd7 {[%emt 0:00:11]} 18. Qg4 {[%emt 0:00:11]} g6 {[%emt 0:00:29]} 19. h4 {[%emt 0:00:10]} h5 {[%emt 0:00:05]} 20. Qe4 {[%emt 0:00:23]} Rfe8 {[%emt 0:00:12]} 21. Rad1 {[%emt 0:00:11]} Nb6 {[%emt 0:00:09]} 22. Qf4 {[%emt 0:00:29]} Rad8 {[%emt 0:00:03]} 23. Qh6 {[%emt 0:00:06]} 1-0

[Event "RUS-ch Men Blitz 2019"]
[Site "Sochi"]
[Date "2019.10.17"]
[Round "4.5"]
[White "Grachev, Boris"]
[Black "Oganian, Miran"]
[Result "1-0"]
[WhiteElo "2621"]
[BlackElo "2436"]
[Annotator "TA"]
[PlyCount "119"]
[EventDate "2019.10.17"]
[EventType "swiss"]
[EventCountry "RUS"]
[SourceTitle "playchess.com"]
[Source "ChessBase"]
[SourceQuality "1"]

{[%evp 18,118,22,14,44,37,42,17,81,81,129,35,33,22,34,31,37,12,25,0,14,0,0,0,0,0,0,0,0,0,0,-21,-14,-12,-6,-28,-29,-22,-28,-28,0,-15,0,0,0,0,0,0,0,0,0,0,83,17,23,31,50,31,222,207,216,195,333,338,329,324,666,399,423,267,662,408,412,404,662,658,640,618,602,347,623,551,536,529,513,616,506,501,470,0,394,0,455,441,1110,537,5085,727,484,0,29982,29983,29999]} 1. Nf3 Nf6 2. c4 e6 3. Nc3 d5 4. e3 c5 5. cxd5 exd5 6. d4 Nc6 7. Bb5 Bd6 8. dxc5 Bxc5 9. O-O O-O 10. b3 Qd6 {D32: Tarrasch Defence: Sidelines and lines without g3} (10... Bg4 11. Bb2 Rc8 12. Rc1 Bd6 13. Be2 Bb8 14. Nd4 Qd6 15. g3 Bh3 16. Re1 Rfd8 17. Nxc6 bxc6 18. Na4 Bc7 19. Qd4 Ba5 {½-½ (35) Matlakov,M (2683)-Jakovenko,D (2752) Porto Carras 2018}) 11. Bb2 Bg4 12. Be2 $146 ({Predecessor:} 12. Na4 Bb4 13. Bxf6 Qxf6 14. Qxd5 Rfd8 15. Qe4 Bf5 16. Qh4 Qxh4 17. Nxh4 Be4 18. Nf3 Rac8 19. Rad1 {1-0 (59) Kharlov,A (2614)-Lugovoi,A (2552) Moscow 2005}) 12... Rfe8 (12... a6 $11) 13. Nb5 $16 Qe7 14. Nbd4 (14. Bxf6 $1 $16 gxf6 15. Rc1) 14... Ne4 $14 15. Rc1 Rac8 16. Nxc6 bxc6 17. Nd4 (17. h3 $5 {[%cal Rh3g4]} Bf5 18. Nd4 $11) 17... Bd7 18. Ba6 Rc7 19. Bd3 Bd6 20. Qh5 g6 21. Qh6 {Strongly threatening Bxe4.} Be5 22. Bxe4 dxe4 23. Rc2 c5 24. Ne2 Bxb2 25. Rxb2 Bb5 26. Qf4 (26. Rc1 {feels hotter.} Rd7 27. Nc3 Bd3 28. h4 c4 29. b4) 26... Rd7 27. Re1 Bxe2 28. Rbxe2 Red8 29. h4 h5 30. Rc2 Rd2 31. Rec1 R8d5 32. Rxd2 Rxd2 $11 {[%mdl 4096] Endgame KQR-KQR} 33. Rc4 Rxa2 34. Rxe4 Qd7 (34... Qd8 $11 {keeps the balance.}) 35. Qb8+ (35. Qf6 $1 $16 {aiming for Re7.} Rd2 36. Re7 {[%mdl 64] Double Attack} Rd1+ 37. Kh2 Qd6+ 38. Qxd6 Rxd6 39. Rxa7) 35... Kh7 36. Rf4 Ra1+ 37. Kh2 Rd1 $2 (37... Qe7 $14) 38. Qf8 $18 f5 39. Qxc5 Rd2 (39... Rd5 $142 40. Rd4 Rxc5 41. Rxd7+ Kh6 42. Rxa7 Rb5) 40. Rd4 Rxd4 41. exd4 {KQ-KQ} ({Not} 41. Qxd4 Qc7+ 42. g3 Qb7 $16) 41... Qe6 $2 (41... Kg8 42. d5 Kf7) 42. b4 Qe4 43. g3 Qf3 $2 (43... a6 44. Qe5 Qf3) 44. Qc7+ Kg8 45. Qb8+ Kh7 (45... Kf7 $142 46. Qxa7+ Ke8) 46. Qxa7+ Kh6 47. Qa2 Qc3 48. Qe2 {And now Qe3+ would win.} Qxb4 $2 (48... f4 49. gxf4 Qxd4) 49. Qe3+ Kg7 50. Qe5+ $1 Kf7 {[#]} 51. d5 $1 Qc5 52. Qe6+ Kg7 53. Qe5+ Kf7 $1 54. Qe6+ Kg7 55. Kg2 {Threatens to win with d6.} f4 (55... Qa7 $142 56. Qc6 Qd4) 56. gxf4 Kh7 57. Qd7+ (57. f5 $142 gxf5 58. Qxf5+ Kg8 59. Qxh5) 57... Kh6 58. Qe6 $2 ({White should play} 58. Qd8 $18 {[%cal Rd8h8]} Kg7 {[#]} 59. f5 $1 {[%mdl 512]}) 58... Qd4 $2 {[%mdl 8192]} (58... Kh7 $11 59. f5 gxf5 60. Qxf5+ Kg8 61. Qxh5 Qd4) 59. Qe5 Qd1 60. Qh8# {Accuracy: White = 54%, Black = 40%.} 1-0

[Event "RUS-ch Men Blitz 2019"]
[Site "Sochi"]
[Date "2019.10.17"]
[Round "4.6"]
[White "Nozdrachev, Vladislav"]
[Black "Sadovsky, Artem"]
[Result "1-0"]
[WhiteElo "2494"]
[BlackElo "2411"]
[Annotator "TA"]
[PlyCount "114"]
[EventDate "2019.10.17"]
[EventType "swiss"]
[EventCountry "RUS"]
[SourceTitle "playchess.com"]
[Source "ChessBase"]
[SourceQuality "1"]

{[%evp 9,114,86,132,241,132,140,160,42,56,39,39,0,2,0,2,-19,-15,-15,-16,-20,-23,-43,-30,-41,-36,-51,-43,-51,-31,-70,-35,-50,-38,-72,-41,-51,-32,-73,-69,-68,-59,-64,-62,-57,-22,-66,-54,-61,-50,-48,-31,-49,-12,-87,-87,-87,-87,-88,-88,-104,-22,-23,-18,-23,-17,-18,-18,-23,0,-514,0,0,0,0,0,0,10,10,10,10,26,17,17,17,17,23,328,328,431,291,1391,1390,1184,1259,1152,903,1519,1449,29984,29985,29985,29963,29958,-8,29988,29989,29992]} 1. e4 g6 2. d4 Bg7 3. Nc3 d6 4. Be3 e5 5. dxe5 dxe5 6. Qxd8+ {B06: Modern Defence} Kxd8 7. O-O-O+ Nd7 8. f3 $146 (8. Nh3 $16) ({Predecessor:} 8. Bc4 Nh6 9. h3 c6 10. g4 Ke8 11. Nf3 f6 12. Rd2 Nb6 {1-0 (52) Shabalov,A (2575)-Rodriguez Vila,A (2485) Buenos Aires 2003}) 8... Bh6 $14 9. Bxh6 Nxh6 10. Nd5 {[%cal Bc3d5,Bd5e3,Be3c4][%mdl 32]} c6 11. Ne3 Ke7 12. Nc4 f6 13. g3 Nf7 14. Nh3 Nc5 15. Na5 Nd6 16. Nf2 Be6 17. Nd3 Nxd3+ 18. Bxd3 Rac8 ({Stronger than} 18... Bxa2 19. b3 $16) 19. Be2 b6 ({Worse is} 19... Bxa2 20. b3 $16) 20. Nb3 Rcd8 21. c3 Nc4 22. Rhe1 a5 23. Bxc4 Bxc4 24. Kc2 Rxd1 25. Kxd1 $15 {[%mdl 4096] Endgame KRB-KRN} Rd8+ 26. Kc2 h5 27. Nd2 Bd3+ 28. Kc1 Ke6 29. b3 Ba6 30. Re3 {[#]} h4 $1 {[%mdl 512]} 31. g4 (31. c4 $11) (31. gxh4 Rh8) 31... Rd3 $17 32. Rxd3 Bxd3 {KB-KN} 33. Kd1 Kd6 $1 34. Ke1 b5 ({Black should try} 34... Kc5 $17 35. Kf2 g5) 35. Kf2 $11 Bc2 36. Ke3 Ke6 37. b4 a4 38. a3 Ke7 39. c4 $2 {[%mdl 8192] [#]} (39. f4 $11 {and White has nothing to worry.}) 39... Kd6 $2 (39... c5 $1 $19 {[%cal Rc5b4][%mdl 512] Hoping for ...cxb4.} 40. cxb5 (40. bxc5 $2 b4 $19 {[%mdl 64] Promotion}) 40... cxb4) 40. cxb5 cxb5 41. f4 exf4+ 42. Kxf4 Ke6 43. Nf3 g5+ 44. Ke3 {And now Nd4+ would win.} Bd1 {aiming for ...Bxf3.} 45. Nd4+ Ke5 46. h3 Bb3 $1 47. Nxb5 {Strongly threatening Nd4.} Bf7 $2 {[%mdl 8192]} (47... Bc4 $11 48. Nc3 Bf1) 48. Nd4 $18 Be8 49. Nf3+ Kd6 $2 {[#]} (49... Ke6 50. e5 Ke7 51. exf6+ Kxf6) 50. e5+ $1 {[%mdl 512]} fxe5 51. Nxg5 Kd5 52. Nf3 Kc4 53. Nxe5+ Kb3 54. g5 Kxa3 55. g6 Bxg6 56. b5 $2 (56. Nxg6 {mates} Kxb4 57. Kd2 Kb3 58. Kc1 Kc3 59. Nxh4 Kd4 60. Kb2 Ke3 61. Ng2+ Kf3 62. h4) 56... Kb4 $2 {[%mdl 8192]} (56... Bf5 $11 57. b6 Bc8) 57. b6 Ka3 {Accuracy: White = 52%, Black = 37%.} 1-0

[Event "RUS-ch Men Blitz 2019"]
[Site "Sochi"]
[Date "2019.10.17"]
[Round "4.7"]
[White "Nesterov, Arseniy"]
[Black "Khismatullin, Denis"]
[Result "1-0"]
[WhiteElo "2484"]
[BlackElo "2611"]
[Annotator "TA"]
[PlyCount "87"]
[EventDate "2019.10.17"]
[EventType "swiss"]
[EventCountry "RUS"]
[SourceTitle "playchess.com"]
[Source "ChessBase"]
[SourceQuality "1"]

{[%evp 11,87,-15,0,0,-16,-24,0,0,0,-12,0,-41,0,-201,-214,-186,-193,-458,-466,-500,-506,-389,0,0,0,0,0,-6,-9,-16,0,0,22,8,135,120,177,172,248,240,240,231,250,247,312,307,302,260,353,338,369,369,368,279,389,382,362,363,346,350,412,316,338,289,413,404,398,416,569,556,584,562,631,600,1206,1217,29994,818]} 1. c4 e5 2. Nc3 Nf6 3. g3 Bb4 4. Bg2 O-O 5. Qc2 Re8 6. Nf3 Nc6 7. O-O {A22: English Opening: 1...e5 2 Nc3 Nf6} e4 8. Ng5 {[%cal Rg5e4]} Nd4 (8... Bxc3 9. bxc3 Qe7 10. d3 exd3 11. exd3 b6 12. Bd2 Bb7 13. Rfe1 Qa3 14. Bf4 Na5 15. Be5 Bxg2 16. Kxg2 Ng4 17. d4 {½-½ (40) Ljubojevic,L (2571)-Karpov,A (2626) Platja d'Aro 2017}) 9. Qd1 $1 {The position is equal.} d5 10. cxd5 Bg4 {Hoping for ...Bxc3.} (10... Nxd5 11. Ngxe4 Bg4 12. f3 $14) 11. h3 $146 ({Predecessor:} 11. Re1 h6 12. Ngxe4 Nxe4 13. Nxe4 Bf5 14. f3 Qxd5 {½-½ (34) Voetter,H (2381)-Koestner,W (2277) ICCF 2016}) 11... Bh5 {White must now prevent ...Bxc3.} 12. g4 $2 (12. Re1 $1 $11) 12... Nxg4 $1 $19 (12... Nxd5 13. Nxd5 Qxd5 14. Nxe4 $16 (14. d3 Bg6 $14)) 13. hxg4 Bxg4 14. Ngxe4 $2 (14. f3 exf3 15. Nxf3 (15. exf3 $2 Qxg5 16. fxg4 Qh4 $19) 15... Bxc3 16. e3 Nxf3+ 17. Bxf3 Bxf3 18. Qxf3 Qg5+ 19. Qg2) 14... Bxc3 15. Nxc3 {aiming for f3.} Bxe2 {[%mdl 64] ...Qg5! is the strong threat. Double Attack} 16. Qa4 Nf3+ $2 (16... Bxf1 17. Kxf1 Qe7 18. Be4 $11) (16... Qf6 $19 {( -> ...Nf3+)} 17. Re1 c6 18. Rxe2 Nxe2+ 19. Nxe2 Rxe2) 17. Bxf3 $1 $11 Bxf3 18. Qf4 Bxd5 19. Nxd5 Qxd5 20. d4 $1 ({Don't go for} 20. Qxc7 $2 Re6 $19) 20... Re6 21. f3 Rae8 {And now ...Qb5 would win.} 22. Bd2 Rf6 {[#]} (22... h6 $11 23. Rae1 Qxa2) 23. Rae1 $1 $16 {[%cal Re1e8]} Rxe1 (23... Rf8 $16 24. Qe4 Rg6+ 25. Kf2 Qxa2) 24. Rxe1 $40 {[%cal Re1e8][%mdl 128] White is out for blood.} h6 (24... Qd8 $142 25. Qxc7 Qxd4+ 26. Be3 Rg6+ 27. Kf1 Qd3+ 28. Kf2 h6 29. Qxb7 (29. Bxa7 Qd2+ 30. Re2 Qd1 $11) 29... Qc2+ 30. Re2 Qb1) 25. Re8+ ({But not} 25. Qxc7 $2 Qxf3 26. Qc8+ Kh7 $19) 25... Kh7 26. Qe4+ {[%mdl 64] Double Attack} Rg6+ 27. Kf2 Qb5 28. Bc3 Qg5 29. Qg4 Qb5 30. Qc8 {[%csl Gc8][%cal Re8h8]} Rg5 31. Rh8+ Kg6 32. Qe8 Qf5 33. Qe4 c6 34. Qxf5+ Rxf5 {[%mdl 4096] Endgame KRB-KR} 35. Rb8 Rb5 36. Ke3 Kf5 37. Rc8 g5 (37... h5 {was called for.} 38. Rc7 Kg6) 38. Rc7 Ke6 39. a4 Rb6 40. a5 Rb5 {[#]} 41. a6 $1 {[%mdl 64] Deflection} bxa6 42. Rxc6+ {[%mdl 64] Double Attack} Kf5 43. Rxh6 a5 {[#]} 44. d5 {Played: Rh6-a6} 1-0

[Event "RUS-ch Men Blitz 2019"]
[Site "Sochi"]
[Date "2019.10.17"]
[Round "4.8"]
[White "Sakaev, Konstantin"]
[Black "Belyakov, Bogdan"]
[Result "1-0"]
[WhiteElo "2595"]
[BlackElo "2495"]
[Annotator "ChessBase"]
[PlyCount "39"]
[EventDate "2019.10.17"]
[EventType "swiss"]
[EventCountry "RUS"]
[SourceTitle "playchess.com"]
[Source "ChessBase"]
[SourceQuality "1"]
[TimeControl "180+2"]

1. d4 {[%emt 0:00:00]} Nf6 {[%emt 0:00:00]} 2. c4 {[%emt 0:00:00]} g6 {[%emt 0:00:00]} 3. Nc3 {[%emt 0:00:01]} Bg7 {[%emt 0:00:02]} 4. e4 {[%emt 0:00:01]} d6 {[%emt 0:00:01]} 5. Be2 {[%emt 0:00:01]} O-O {[%emt 0:00:06]} 6. Be3 {[%emt 0:00:02]} c5 {[%emt 0:00:03]} 7. d5 {[%emt 0:00:04]} e6 {[%emt 0:00:01]} 8. Nf3 {[%emt 0:00:02]} Ng4 {[%emt 0:00:17]} 9. Bg5 {[%emt 0:00:02]} f6 {[%emt 0:00:06]} 10. Bd2 {[%emt 0:00:11]} f5 {[%emt 0:00:07]} 11. exf5 {[%emt 0:00:18]} exd5 {[%emt 0:00:17]} 12. fxg6 {[%emt 0:00:15]} d4 {[%emt 0:00:03]} 13. gxh7+ {[%emt 0:00:08]} Kh8 {[%emt 0:00:06]} 14. Nd5 {[%emt 0:00:01]} Nc6 {[%emt 0:00:05]} 15. O-O {[%emt 0:00:18]} Be6 {[%emt 0:00:20]} 16. Ng5 {[%emt 0:00:15]} Bxd5 {[%emt 0:01:18]} 17. cxd5 {[%emt 0:00:07]} Nxf2 {[%emt 0:00:02]} 18. Rxf2 {[%emt 0:00:03]} Rxf2 {[%emt 0:00:01]} 19. Kxf2 {[%emt 0:00:06]} d3 {[%emt 0:00:05]} 20. Nf7+ {[%emt 0:00:02]} 1-0

[Event "RUS-ch Men Blitz 2019"]
[Site "Sochi"]
[Date "2019.10.17"]
[Round "4.9"]
[White "Antipov, Mikhail Al."]
[Black "Sysolyatin, Evgeny"]
[Result "1-0"]
[WhiteElo "2567"]
[BlackElo "2271"]
[Annotator "RC"]
[PlyCount "93"]
[EventDate "2019.10.17"]
[EventType "swiss"]
[EventCountry "RUS"]
[SourceTitle "playchess.com"]
[Source "ChessBase"]
[SourceQuality "1"]
[TimeControl "180+2"]

1. e4 {[%emt 0:00:00]} e5 {[%emt 0:00:00]} 2. Nf3 {[%emt 0:00:00]} Nc6 {[%emt 0:00:00]} 3. Bc4 {[%emt 0:00:01]} Bc5 {[%emt 0:00:02]} 4. O-O {[%emt 0:00:02]} Nf6 {[%emt 0:00:01]} 5. d3 {[%emt 0:00:00]} d6 {[%emt 0:00:01]} 6. c3 {[%emt 0:00:02]} a5 {[%emt 0:00:02]} 7. h3 {[%emt 0:00:02]} h6 {[%emt 0:00:01]} 8. Nbd2 {[%emt 0:00:01]} O-O {[%emt 0:00:02]} 9. Re1 {[%emt 0:00:01]} Bb6 {[%emt 0:00:12]} 10. Nf1 {[%emt 0:00:17]} Ne7 {[%emt 0:00:01]} 11. Ng3 {[%emt 0:00:03]} Ng6 {[%emt 0:00:01]} 12. d4 {[%emt 0:00:01]} exd4 {[%emt 0:00:29]} 13. cxd4 {[%emt 0:00:05]} d5 {[%emt 0:00:01]} 14. exd5 {[%emt 0:00:01]} Nxd5 {[%emt 0:00:02]} 15. Ne5 {[%emt 0:00:10]} Nxe5 {[%emt 0:00:23]} 16. dxe5 {[%emt 0:00:05]} Nb4 {[%emt 0:00:05]} 17. Qb3 {[%emt 0:00:16]} Qe7 {[%emt 0:00:10]} 18. Re4 {[%emt 0:01:03]} Be6 {[%emt 0:00:07]} 19. Nh5 {[%emt 0:00:11]} Kh8 {[%emt 0:00:56]} 20. Qg3 {[%emt 0:00:47]} Rg8 {[%emt 0:00:03]} 21. Bxe6 {[%emt 0:00:17]} Qxe6 {[%emt 0:00:06]} 22. Rg4 {[%emt 0:00:01]} Nc2 {[%emt 0:00:20]} 23. Rb1 {[%emt 0:00:08]} Nd4 {[%emt 0:00:02]} 24. Re4 {[%emt 0:00:07]} Qf5 {[%emt 0:00:04]} 25. Qh4 {[%emt 0:00:01]} Rae8 {[%emt 0:00:19]} 26. Be3 {[%emt 0:00:04]} Rxe5 {[%emt 0:00:05]} 27. Ng3 {[%emt 0:00:04]} Qg6 {[%emt 0:00:04]} 28. Rxe5 {[%emt 0:00:02]} Qxb1+ {[%emt 0:00:01]} 29. Kh2 {[%emt 0:00:01]} Ne6 {[%emt 0:00:07]} 30. Bxh6 {[%emt 0:00:01]} Qh7 {[%emt 0:00:03]} 31. Rh5 {[%emt 0:00:03]} g6 {[%emt 0:00:05]} 32. Bg7+ {[%emt 0:00:01]} Rxg7 {[%emt 0:00:03]} 33. Rxh7+ {[%emt 0:00:02]} Rxh7 {[%emt 0:00:01]} 34. Qf6+ {[%emt 0:00:01]} Kg8 {[%emt 0:00:01]} 35. Ne2 {[%emt 0:00:03]} Bc5 {[%emt 0:00:03]} 36. f4 {[%emt 0:00:02]} Bd6 37. g4 Rg7 {[%emt 0:00:05]} 38. Kg2 {[%emt 0:00:04]} g5 {[%emt 0:00:02]} 39. f5 {[%emt 0:00:02]} Nf4+ {[%emt 0:00:01]} 40. Nxf4 {[%emt 0:00:04]} Bxf4 {[%emt 0:00:01]} 41. Qd8+ {[%emt 0:00:01]} Kh7 {[%emt 0:00:01]} 42. Qe7 {[%emt 0:00:02]} b6 {[%emt 0:00:01]} 43. f6 {[%emt 0:00:01]} Rg6 {[%emt 0:00:05]} 44. Qxf7+ {[%emt 0:00:01]} Kh6 {[%emt 0:00:01]} 45. Qf8+ {[%emt 0:00:01]} Kh7 {[%emt 0:00:01]} 46. Qe7+ {[%emt 0:00:02]} Kh6 {[%emt 0:00:02]} 47. f7 {[%emt 0:00:01]} 1-0

[Event "RUS-ch Men Blitz 2019"]
[Site "Sochi"]
[Date "2019.10.20"]
[Round "4.10"]
[White "Rozum, Ivan"]
[Black "Lysyj, Igor"]
[Result "1/2-1/2"]
[WhiteElo "2599"]
[BlackElo "2596"]
[Annotator "ChessBase"]
[PlyCount "22"]
[EventDate "2019.10.17"]
[EventType "swiss"]
[EventCountry "RUS"]
[SourceTitle "playchess.com"]
[Source "ChessBase"]
[SourceQuality "1"]
[TimeControl "180+2"]

1. d4 {[%emt 0:00:00]} d5 {[%emt 0:00:00]} 2. Nf3 {[%emt 0:00:01]} Nf6 {[%emt 0:00:00]} 3. c4 {[%emt 0:00:01]} e6 {[%emt 0:00:01]} 4. e3 {[%emt 0:00:01]} Be7 {[%emt 0:00:02]} 5. b3 {[%emt 0:00:02]} O-O {[%emt 0:00:02]} 6. Bb2 {[%emt 0:00:01]} c5 {[%emt 0:00:02]} 7. cxd5 {[%emt 0:00:10]} Nxd5 {[%emt 0:00:06]} 8. dxc5 {[%emt 0:00:02]} Bxc5 {[%emt 0:00:03]} 9. a3 {[%emt 0:00:01]} b6 {[%emt 0:00:10]} 10. Bd3 {[%emt 0:00:04]} Bb7 {[%emt 0:00:02]} 11. O-O {[%emt 0:00:02]} Nd7 {[%emt 0:00:07]} 1/2-1/2